000 00589nam a2200229 i 4500
001 C2-0097887
003 PPAK
005 20180727094256.0
008 970526s1956 my |||| ||||| | may d
040 _aPPAK
_beng
_cPPAK
_erda
082 0 4 _a321.8
_223
090 0 0 _a321.8
_bHAN
_dKIH
100 1 _aHankin, Francis,
_eauthor
245 1 0 _aKerajaan hak kamu
264 1 _aKuala Lumpur :
_bH.M. Shah ,
_c1956
300 _a129 pages ;
_c19 cm
336 _2rdacontent
_atext
337 _2rdamedia
_aunmediated
338 _2rdacarrier
_avolume
650 1 0 _aDemocracy
942 _ddc
_cB
999 _c21618
_d21618